000 00305nam a2200121Ia 4500
008 230312s9999||||xx |||||||||||||| ||und||
082 _a629.213
_bM-3/B-1
100 _aSATC
245 0 _aElectrical Fundamentals:M-3
260 _aPakistan
_c2022
650 _aAviation
_vElectrical Engineering
942 _cBK
999 _c14369
_d14369